Statistiques concernant Géographie par image - L

Cliquez ici pour prendre le quiz!

Statistiques générales

  • Ce quiz a été pris 905 fois
  • Le résultat moyen est 12 sur 18

Statistiques - réponses

Réponse% Correct
Londres
100%
lave
99%
Los Angeles
97%
Liban
96%
Las Vegas
95%
longitude
89%
Lesotho
88%
Loire
82%
livre
73%
Louisiane
73%
Lima
66%
lac Léman
65%
Liverpool
59%
lagune
54%
Louxor
51%
Lhassa
27%
Lake {Louise}
20%
Loch Lomond
12%

Distribution des résultats

Percentile par nombre de réponses

% des personnes avec chaque résultat

Votre développement - résultats

Vous n’avez pas pris ce quiz